LEADER 02581nam a2200409 u 4500 001 000000017575 003 CaOOAMICUS 005 20070226110123.0 008 940805m19101912it fca u000 u fre u 035 $a10410376 040 $aPUL$bita 100 1 $aDe Bojani, Ferdinando,$cconte,$d1842-1915.$0(OLS)http://pul/name/15792 245 10$aInnocent XI :$bSa corrispondance avec ses nonces .. 260 $aRoma :$bDesclés et c.ie,$c1910-12. 300 $a3 v. :$bant. (ritr.), tav. ;$c24 cm 500 $aNote tipogr. variano: v. 3, Roulers, J. de Meester. 505 0 $aI. 21 septembre 1676-31 décembre 1679. Affaires politiques. -- II. 21 septembre 1676-31 décembre 1679. Affaires ecclésiastiques et le gouvernement de Rome. -- III. 1680-1684. Affaires politiques. 600 04$aInnocentius PP.$bXI,$cb.,$d1611-1689.$0(OLS)http://pul/subject/12345 650 4$aChiesa$xStoria$ySec. XVII.$0(OLS)http://pul/subject/2907 650 4$aPolitica$xStoria$ySec. XVII-XVIII.$0(OLS)http://pul/subject/5811 850 $aPUL 852 $aPUL$W1$xDP1 Fondo Maccarrone$y58$m1507 F 1-2 e 4$j24767$nBK-PRI$b $qFondi$B24767$CPULBib$Z2$F24767 $H $81 852 $aPUL$W1$xDP1 Fondo Maccarrone$y58$m1507 F 1-2 e 4$j24767$nBK-PRI$b $qFondi$B24768$CPULBib$Z2$F24768 $H $81 852 $aPUL$W1$xDP1 Fondo Maccarrone$y58$m1507 F 1-2 e 4$j24767$nBK-PRI$b $qFondi$B24769$CPULBib$Z2$F24769 $H $81 852 $aPUL$W1$xDP1 Fondo Cecchetti$y53$m272 B 3-5$j24770$nBK-PRI$b $qFondi$B24770$CPULBib$Z2$F24770 $HPUL6471-6473 $81 852 $aPUL$W1$xDP1 Fondo Cecchetti$y53$m272 B 3-5$j24770$nBK-PRI$b $qFondi$B24771$CPULBib$Z2$F24771 $HPUL6471-6473 $81 852 $aPUL$W1$xDP1 Fondo Cecchetti$y53$m272 B 3-5$j24770$nBK-PRI$b $qFondi$B24772$CPULBib$Z2$F24772 $HPUL6471-6473 $81 941 1 $a1 960 $aPapi (1676-1689 : Innocentius PP. XI)$912345 960 $aPapi (1676-1689 : Innocentius PP. XI)$912345 960 $aInnocenzo$bXI,$cpapa,$d1611-1689$912345 960 $aOdescalchi, Benedetto,$d1611-1689$912345 961 $aINV: 02151-2152 e 2154 -- Fondo Mons. M. Maccarrone 961 $aINV: 02151-2152 e 2154 -- Fondo Mons. M. Maccarrone 961 $aINV: 02151-2152 e 2154 -- Fondo Mons. M. Maccarrone 996 $6245$aInnocent XI :$bSa corrispondance avec ses nonces ..$9(OLS)http://pul/title/25151 996 $6260$aRoma :$bDesclés et c.ie$9(OLS)http://pul/publisher/55381 LEADER 01364nam a2200289 u 4500 001 000000050492 003 CaOOAMICUS 005 20070226115229.0 008 000803s1989 sz u000 u fre u 020 $a2830901487 035 $a10853605 040 $aPUL(R)$bita 245 03$aLe Pentateuque en question :$bles origines et la composition de cinq premiers livres de la Bible à la lumière des recherches récentes /$cédité par Albert de Pury ... [et al.]. 260 $aGenève :$bLabor et Fides,$c1989. 300 $a421 p. ;$c22 cm 490 1 $aLe monde de la Bible 504 $aBibliografia in nota. 630 04$aBiblia.$pV.T.$pPentateuchus$xCommenti.$0(OLS)http://pul/subject/1991 700 1 $aPury, Albert de.$0(OLS)http://pul/name/24533 830 3$aLe monde de la Bible.$0(OLS)http://pul/title/19587 850 $aPUL 852 $aPUL$W1$xDP1 Fondo Ciprotti$y59$m1534 D 15$j66941$nBK-PRI$b $qFondi$B66941$CPULBib$Z2$F66941 $H $81 941 1 $a1 961 $aINV: 0576. Fondo Ciprotti 996 $6020$a2830901487$9(OLS)http://pul/number/63918 996 $6245$aLe Pentateuque en question :$bles origines et la composition de cinq premiers livres de la Bible à la lumière des recherches récentes$9(OLS)http://pul/title/67936 996 $6260$aGenève :$bLabor et Fides$9(OLS)http://pul/publisher/61349